| 000 | 00394nam a2200169Ia 4500 | ||
|---|---|---|---|
| 008 | 210210b1952 xxu||||| |||| 00| 0 eng d | ||
| 041 | _aeng | ||
| 082 | _a821/377 | ||
| 100 | _aMARSH (E) | ||
| 245 | _aLa fontaines fables | ||
| 260 |
_aLondon _bJ M Dent and Sons Ltd. _c1952 |
||
| 650 | _aLa | ||
| 650 | _afontaines | ||
| 650 | _afables | ||
| 690 | _aEnglish Literature | ||
| 906 | _a011546 | ||
| 999 |
_c130223 _d130223 |
||